| 000 | 00720nam a2200229 a 4500 | ||
|---|---|---|---|
| 001 | 66740 | ||
| 003 | BD-RjUL | ||
| 005 | 20211209081555.0 | ||
| 008 | 170319s1950 us a b 001 0 eng d | ||
| 035 | _a(BD-RjUL)66871 | ||
| 040 |
_aBD-RjUL _beng _cBD-RjUL |
||
| 041 | _aeng | ||
| 082 |
_223 _a681.145 _bHAC 1950 |
||
| 100 | 1 |
_aHartree, Douglas R. _q(Douglas Rayner), _d1897-1958. _926257 |
|
| 245 | 1 | 0 |
_aCalculating instruments and machines / _cDouglas R. Hartree. |
| 260 |
_aCambridge : _bCambridge University Press, _c1950. |
||
| 300 |
_aix, 138 p. : _bill. ; _c26 cm. |
||
| 504 | _aIncludes Index and Bibliography. | ||
| 650 | 0 |
_aCalculators. _9197581 |
|
| 650 | 0 |
_aMathematical instruments. _939216 |
|
| 942 |
_2ddc _cBK |
||
| 999 |
_c66740 _d66740 |
||